000 00447nam a2200181Ia 4500
001 1166
005 20260306140612.0
008 260306t2010||||xx |||||||||||||| ||spa||
041 _aESP
082 _a185
_bT69C
100 _aTomás de Aquino, Santo
_eAUT
245 0 _aComentario a la ética a Nicómaco de Aristóteles
260 _c2010
300 _a599 páginas :
_c24 cm.
650 _aGEN
654 _aCHU
942 _cLIB
_dJUS
_fJUS
_2ddc
_n
999 _c1166
_d1166